000 00471nam a2200169Ia 4500
999 _c19057
_d19057
003 OSt
005 20200625141709.0
008 190216s9999||||xx |||||||||||||| ||und||
040 _coclc
082 _a954
_bNEH/K
100 _aNehru, Jawaharlal
_93188
245 0 _aKuttikalude India Charitram /
_cJawaharlal Nehru
260 _bPublications Division,
_c1965.
300 _a178p
650 _aHistory
942 _cBK
_2ddc
_h954
_iNEH/K
_k954
_mNEH/K